Όταν σκέφτομαι τον θάνατο : πρώτη Τουσκουλανή διατριβή

Αποθηκεύτηκε σε:
Λεπτομέρειες βιβλιογραφικής εγγραφής
Κύριος συγγραφέας: Cicero, Marcus Tullius
Άλλοι συγγραφείς: Παπακώστα, Όλγα (Μεταφραστής)
Μορφή: Βιβλίο
Γλώσσα:Greek
Latin
Δημοσίευση: Αθήνα : Ωκεανίδα, 2003
Σειρά:Κυκεών ; ; 10
Θέματα:
Ετικέτες: Προσθήκη ετικέτας
Δεν υπάρχουν, Καταχωρήστε ετικέτα πρώτοι!

MARC

LEADER 00000nam a2200000 i 4500
001 1/27470
008 060403s2003 gre d
020 |a 960-410-289-3 
035 |l 10083413 
040 |a GR-MY-UA  |b gre  |e aacr 
041 1 |a gre  |h lat 
082 0 |a 780.92  |2 (22) 
100 1 |a Cicero, Marcus Tullius. 
245 1 0 |a Όταν σκέφτομαι τον θάνατο :  |b πρώτη Τουσκουλανή διατριβή /  |c Κικέρων ; μετάφραση από τα λατινικά Όλγα Παπακώστα 
260 |a Αθήνα :   |b Ωκεανίδα,   |c 2003 
300 |a 156 σ.;  |c 22 εκ. 
490 1 |a Κυκέων  |v ; 10 
500 |a Το αντίτυπο της Ρόδου με αριθμό εισαγωγής 122869 είναι δεμένο με: Φράντς Λιστ / M.D. Calvokoressi. - Ως εν παρόδω / Κ.Ι. Δάλκος. - Τέσσερις λόγοι κατά Κατιλίνα, οι λόγοι για τον Μάρκελλο και τον Λιγάριο / Κικέρων 
500 |a Το αντίτυπο της Ρόδου με αριθμό εισαγωγής 122832 είναι δεμένο με: Το φάρμακο της λύπης / Κικέρων. - Τέσσερις λόγοι κατά Κατιλίνα, οι λόγοι για τον Μάρκελλο και τον Λιγάριο 
600 1 0 |a Cicero Marcus Tullius. 
650 0 0 |a Death  |x Philosophy. 
700 1 |a Παπακώστα, Όλγα.  |4 trl 
830 0 |a Κυκεών ;  |v ; 10 
852 |a INST  |b RHODES  |c KRI  |e 20060404  |h  152.4 CIC  |p 005400021078  |q 005400021078  |t BK  |y 0 
852 |a INST  |b RHODES  |c KRI  |e 20060403  |h  780.92 ΚΑΛ  |p 005400021080  |q 005400021080  |t BK  |y 0 
901 |a BIBL4-2006-1 
909 |a Ρ  |b 122869 
909 |a Ρ  |b 122832 
920 |a ΚΡΙΚΩΝΗΣ  |b ΔΗΜΗΤΡΙΟΣ Ι.  |y ΡΟΔΟΣ  |z 2004-10 
970 |a ΚΟΖΑ  |b ΜΑΡΙΑ  |z 2006/04/03